[Event "World Chess Olympiad 2018"]
[Site "Batumi"]
[Date "2018.09.30"]
[Round "6"]
[Board "1"]
[WhiteFideId "2285525"]
[White "Anton Guijarro David"]
[BlackFideId "4692055"]
[Black "Bogner Sebastian"]
[Result "1-0"]
[LiveChessVersion "1.4.8"]
[BlackElo "2619"]
[WhiteElo "2639"]

1. e4 {[%clk 1:30:55]} c5 {[%clk 1:30:56]} 2. Nf3 {[%clk 1:31:10]} d6
{[%clk 1:31:20]} 3. d4 {[%clk 1:31:21]} cxd4 {[%clk 1:31:43]} 4. Nxd4
{[%clk 1:31:40]} Nf6 {[%clk 1:32:08]} 5. Nc3 {[%clk 1:31:56]} a6 {[%clk 1:32:32]}
6. Bd3 {[%clk 1:32:00]} g6 {[%clk 1:30:40]} 7. f3 {[%clk 1:31:44]} Qb6
{[%clk 1:27:46]} 8. a3 {[%clk 1:31:55]} Bd7 {[%clk 1:25:34]} 9. Be3
{[%clk 1:09:44]} Nc6 {[%clk 1:22:34]} 10. Be2 {[%clk 0:57:09]} Qc7
{[%clk 1:15:32]} 11. Qd2 {[%clk 0:54:42]} Bg7 {[%clk 1:15:56]} 12. O-O-O
{[%clk 0:53:40]} h5 {[%clk 1:09:09]} 13. Kb1 {[%clk 0:52:26]} Rc8
{[%clk 1:05:03]} 14. Rhe1 {[%clk 0:41:34]} b5 {[%clk 0:58:06]} 15. Nxc6
{[%clk 0:40:08]} Bxc6 {[%clk 0:54:51]} 16. h3 {[%clk 0:39:14]} Rb8
{[%clk 0:45:50]} 17. Nd5 {[%clk 0:36:40]} Bxd5 {[%clk 0:46:03]} 18. exd5
{[%clk 0:37:06]} h4 {[%clk 0:40:17]} 19. f4 {[%clk 0:34:38]} Ne4 {[%clk 0:38:33]}
20. Qb4 {[%clk 0:31:17]} f5 {[%clk 0:38:28]} 21. Bd4 {[%clk 0:29:55]} a5
{[%clk 0:35:43]} 22. Bxb5+ {[%clk 0:27:10]} Kf7 {[%clk 0:36:07]} 23. Qb3
{[%clk 0:27:23]} Bxd4 {[%clk 0:34:07]} 24. Rxd4 {[%clk 0:27:46]} Qc5
{[%clk 0:34:33]} 25. Rdxe4 {[%clk 0:27:59]} fxe4 {[%clk 0:34:59]} 26. a4
{[%clk 0:26:40]} Qd4 {[%clk 0:27:37]} 27. Ka2 {[%clk 0:20:03]} Rh5
{[%clk 0:26:20]} 28. c3 {[%clk 0:17:24]} Qf2 {[%clk 0:25:58]} 29. Rxe4
{[%clk 0:17:31]} Qxg2 {[%clk 0:23:32]} 30. Qc4 {[%clk 0:17:40]} Rb7
{[%clk 0:10:37]} 31. f5 {[%clk 0:10:16]} Rxf5 {[%clk 0:09:00]} 32. Rxh4
{[%clk 0:09:58]} Rf2 {[%clk 0:05:56]} 33. Ka3 {[%clk 0:07:15]} Qg1
{[%clk 0:04:37]} 34. Rf4+ {[%clk 0:06:00]} Rxf4 {[%clk 0:04:53]} 35. Qxf4+
{[%clk 0:06:25]} Kg8 {[%clk 0:04:50]} 36. Ka2 {[%clk 0:04:47]} Qc5
{[%clk 0:02:57]} 37. Qg5 {[%clk 0:03:45]} e5 {[%clk 0:01:12]} 38. Qxg6+
{[%clk 0:03:17]} Kf8 {[%clk 0:01:03]} 39. Qf6+ {[%clk 0:03:01]} Kg8
{[%clk 0:01:16]} 40. Qg6+ {[%clk 0:32:32]} Kf8 {[%clk 0:30:40]} 41. Qf6+
{[%clk 0:30:14]} Kg8 {[%clk 0:31:05]} 42. Qe6+ {[%clk 0:29:48]} Kh8
{[%clk 0:19:42]} 43. h4 {[%clk 0:26:36]} Rg7 {[%clk 0:11:22]} 44. Qe8+
{[%clk 0:17:12]} Rg8 {[%clk 0:11:46]} 45. Qh5+ {[%clk 0:17:37]} Kg7
{[%clk 0:12:11]} 46. Qg4+ {[%clk 0:17:13]} Kh8 {[%clk 0:11:57]} 47. Qh5+
{[%clk 0:17:31]} Kg7 {[%clk 0:12:26]} 48. Qg5+ {[%clk 0:17:53]} Kf7
{[%clk 0:12:55]} 49. Qf5+ {[%clk 0:18:12]} Kg7 {[%clk 0:13:20]} 50. Qe6
{[%clk 0:18:34]} Rh8 {[%clk 0:08:26]} 51. Bd3 {[%clk 0:17:06]} Qc7
{[%clk 0:08:13]} 52. Qg6+ {[%clk 0:16:11]} Kf8 {[%clk 0:08:42]} 53. Qf6+
{[%clk 0:14:39]} Kg8 {[%clk 0:09:08]} 54. Kb1 {[%clk 0:09:16]} Qf7
{[%clk 0:06:31]} 55. Qxd6 {[%clk 0:08:06]} Qf3 {[%clk 0:06:50]} 56. Qe6+
{[%clk 0:07:07]} Kf8 {[%clk 0:07:11]} 57. Bb5 {[%clk 0:06:55]} e4
{[%clk 0:03:20]} 58. d6 {[%clk 0:04:20]} Rh5 {[%clk 0:03:49]} 59. Qe7+
{[%clk 0:04:04]} Kg8 {[%clk 0:04:13]} 60. d7 {[%clk 0:03:15]} Qd1+ 1-0

[Event "World Chess Olympiad 2018"]
[Site "Batumi"]
[Date "2018.09.30"]
[Round "6"]
[Board "2"]
[WhiteFideId "1301837"]
[White "Pelletier Yannick"]
[BlackFideId "2210622"]
[Black "Perez Candelario Manuel"]
[Result "1/2-1/2"]
[LiveChessVersion "1.4.8"]
[BlackElo "2590"]
[WhiteElo "2544"]

1. d4 {[%clk 1:30:33]} Nf6 {[%clk 1:30:55]} 2. c4 {[%clk 1:30:46]} g6
{[%clk 1:31:19]} 3. Nc3 {[%clk 1:30:58]} Bg7 {[%clk 1:31:45]} 4. e4
{[%clk 1:31:19]} d6 {[%clk 1:32:09]} 5. Nf3 {[%clk 1:31:29]} O-O {[%clk 1:32:32]}
6. Be2 {[%clk 1:31:55]} Nbd7 {[%clk 1:32:34]} 7. O-O {[%clk 1:32:03]} e5
{[%clk 1:32:56]} 8. Be3 {[%clk 1:32:07]} Qe7 {[%clk 1:33:04]} 9. Qc2
{[%clk 1:19:30]} c6 {[%clk 1:33:19]} 10. Rad1 {[%clk 1:15:17]} Re8
{[%clk 1:33:13]} 11. d5 {[%clk 1:11:10]} c5 {[%clk 1:33:35]} 12. g3
{[%clk 1:09:09]} Nf8 {[%clk 1:33:46]} 13. Nh4 {[%clk 1:04:16]} h5
{[%clk 1:34:02]} 14. f3 {[%clk 1:00:04]} N6h7 {[%clk 1:29:49]} 15. Bd3
{[%clk 0:58:42]} Ng5 {[%clk 1:27:23]} 16. Kh1 {[%clk 0:46:43]} Nh3
{[%clk 1:25:52]} 17. Qd2 {[%clk 0:45:31]} Bf6 {[%clk 1:12:58]} 18. Ng2
{[%clk 0:45:56]} g5 {[%clk 1:11:40]} 19. f4 {[%clk 0:23:28]} gxf4
{[%clk 1:01:24]} 20. gxf4 {[%clk 0:23:54]} Bg4 {[%clk 0:59:35]} 21. Rde1
{[%clk 0:16:52]} exf4 {[%clk 0:51:03]} 22. Nxf4 {[%clk 0:15:44]} Nxf4
{[%clk 0:50:13]} 23. Bxf4 {[%clk 0:16:02]} Ng6 {[%clk 0:48:09]} 24. e5
{[%clk 0:15:38]} dxe5 {[%clk 0:42:39]} 25. d6 {[%clk 0:13:50]} Qd8
{[%clk 0:35:12]} 26. Bxg6 {[%clk 0:08:09]} fxg6 {[%clk 0:31:21]} 27. Nd5
{[%clk 0:08:26]} Qxd6 {[%clk 0:28:18]} 28. Bg3 {[%clk 0:01:22]} Bg7
{[%clk 0:26:36]} 29. Bh4 {[%clk 0:01:21]} Re6 {[%clk 0:26:03]} 30. Qg2
{[%clk 0:00:36]} Rae8 {[%clk 0:21:20]} 31. h3 {[%clk 0:00:34]} Bf5
{[%clk 0:21:25]} 32. Rxf5 {[%clk 0:00:31]} gxf5 {[%clk 0:21:42]} 33. Rg1
{[%clk 0:01:00]} Qf8 {[%clk 0:20:47]} 34. Ne3 {[%clk 0:00:34]} R8e7
{[%clk 0:14:46]} 35. Bxe7 {[%clk 0:00:53]} Rxe7 {[%clk 0:15:12]} 36. Qg6
{[%clk 0:00:32]} Rf7 {[%clk 0:10:29]} 37. Rg5 {[%clk 0:00:50]} Qd8
{[%clk 0:08:03]} 38. Rxf5 {[%clk 0:00:36]} Rxf5 {[%clk 0:07:53]} 39. Nxf5
{[%clk 0:00:52]} Qd1+ {[%clk 0:04:35]} 40. Kg2 {[%clk 0:31:05]} Qe2+
{[%clk 0:32:40]} 41. Kg1 {[%clk 0:25:31]} Qe1+ {[%clk 0:32:43]} 42. Kg2
{[%clk 0:25:39]} Qe4+ {[%clk 0:32:12]} 43. Kf2 {[%clk 0:24:02]} Qf4+
{[%clk 0:32:17]} 44. Kg2 {[%clk 0:24:01]} Qd2+ {[%clk 0:32:13]} 45. Kg3
{[%clk 0:22:27]} Qf4+ {[%clk 0:18:35]} 46. Kg2 {[%clk 0:22:52]} Qd2+
{[%clk 0:18:39]} 47. Kg3 {[%clk 0:23:16]} Qf4+ {[%clk 0:19:04]} 1/2-1/2

[Event "World Chess Olympiad 2018"]
[Site "Batumi"]
[Date "2018.09.30"]
[Round "6"]
[Board "3"]
[WhiteFideId "3503054"]
[White "Vazquez Igarza Renier"]
[BlackFideId "1300113"]
[Black "Georgiadis Nico"]
[Result "1/2-1/2"]
[LiveChessVersion "1.4.8"]
[BlackElo "2522"]
[WhiteElo "2573"]

1. Nf3 {[%clk 1:30:56]} d5 {[%clk 1:30:52]} 2. d4 {[%clk 1:30:47]} Nf6
{[%clk 1:31:13]} 3. c4 {[%clk 1:31:06]} e6 {[%clk 1:31:33]} 4. Nc3
{[%clk 1:30:56]} Bb4 {[%clk 1:31:55]} 5. Bg5 {[%clk 1:30:20]} h6 {[%clk 1:32:12]}
6. Bxf6 {[%clk 1:29:26]} Qxf6 {[%clk 1:32:36]} 7. e3 {[%clk 1:29:32]} O-O
{[%clk 1:32:46]} 8. Rc1 {[%clk 1:29:16]} dxc4 {[%clk 1:33:06]} 9. Bxc4
{[%clk 1:29:35]} c5 {[%clk 1:33:29]} 10. O-O {[%clk 1:28:48]} cxd4
{[%clk 1:33:20]} 11. Ne4 {[%clk 1:27:55]} Qe7 {[%clk 1:33:30]} 12. a3
{[%clk 1:25:07]} Ba5 {[%clk 1:33:46]} 13. exd4 {[%clk 1:20:14]} Rd8
{[%clk 1:30:19]} 14. Qc2 {[%clk 1:20:05]} Nc6 {[%clk 1:14:24]} 15. Rfd1
{[%clk 1:20:09]} Bb6 {[%clk 1:13:13]} 16. Qc3 {[%clk 1:20:04]} Bd7
{[%clk 1:11:19]} 17. b4 {[%clk 1:19:53]} Rac8 {[%clk 1:04:20]} 18. Nc5
{[%clk 1:19:25]} Rc7 {[%clk 0:53:24]} 19. h4 {[%clk 1:01:30]} Qf6
{[%clk 0:43:48]} 20. Qe3 {[%clk 0:55:08]} Bc8 {[%clk 0:36:02]} 21. Bd3
{[%clk 0:47:07]} Kf8 {[%clk 0:30:28]} 22. Be4 {[%clk 0:34:55]} Ne7
{[%clk 0:23:11]} 23. Ng5 {[%clk 0:30:51]} Kg8 {[%clk 0:10:02]} 24. Bh7+
{[%clk 0:18:15]} Kh8 {[%clk 0:09:31]} 25. Nce4 {[%clk 0:13:39]} Nd5
{[%clk 0:09:41]} 26. Nxf6 {[%clk 0:03:08]} Nxe3 {[%clk 0:10:04]} 27. Rxc7
{[%clk 0:02:50]} hxg5 {[%clk 0:10:22]} 28. Rxc8 {[%clk 0:01:33]} Nxd1
{[%clk 0:08:11]} 29. Rxd8+ {[%clk 0:02:02]} Bxd8 {[%clk 0:08:33]} 30. Bc2
{[%clk 0:02:25]} Nc3 {[%clk 0:04:56]} 31. Ne4 {[%clk 0:02:22]} Ne2+
{[%clk 0:05:20]} 32. Kf1 {[%clk 0:02:48]} Nxd4 {[%clk 0:05:45]} 33. Bd1
{[%clk 0:03:11]} gxh4 {[%clk 0:05:46]} 34. Nd6 {[%clk 0:03:39]} Kg8
{[%clk 0:05:21]} 35. Nxb7 {[%clk 0:04:03]} Be7 {[%clk 0:05:25]} 36. Na5 g5
{[%clk 0:03:56]} 37. Ba4 {[%clk 0:03:49]} f5 {[%clk 0:02:53]} 38. Nc6
{[%clk 0:03:53]} Nxc6 {[%clk 0:03:18]} 39. Bxc6 {[%clk 0:04:20]} Kf7
{[%clk 0:02:20]} 40. Ke2 {[%clk 0:34:26]} Kf6 {[%clk 0:31:56]} 41. f3
{[%clk 0:27:29]} Ke5 {[%clk 0:23:47]} 42. Bd7 {[%clk 0:27:41]} Bd6
{[%clk 0:18:37]} 43. Bc8 {[%clk 0:27:24]} Bc7 {[%clk 0:13:29]} 44. Bd7
{[%clk 0:27:24]} g4 {[%clk 0:11:18]} 45. fxg4 {[%clk 0:27:33]} fxg4
{[%clk 0:11:42]} 46. Kd3 {[%clk 0:24:03]} Bb6 {[%clk 0:08:28]} 47. a4
{[%clk 0:22:03]} Bf2 {[%clk 0:06:42]} 48. Ke2 {[%clk 0:16:46]} Bd4
{[%clk 0:06:16]} 49. Kd3 {[%clk 0:16:21]} Bf2 {[%clk 0:04:07]} 50. Ke2
{[%clk 0:16:32]} Bg1 {[%clk 0:04:30]} 51. Kd3 {[%clk 0:15:03]} h3
{[%clk 0:01:52]} 52. gxh3 {[%clk 0:15:21]} gxh3 {[%clk 0:02:19]} 53. Bc6
{[%clk 0:15:35]} Kf4 {[%clk 0:02:19]} 54. a5 {[%clk 0:14:08]} h2 {[%clk 0:01:26]}
55. b5 {[%clk 0:13:46]} Bc5 {[%clk 0:01:06]} 56. Bh1 {[%clk 0:12:33]} e5
{[%clk 0:01:14]} 57. Bd5 {[%clk 0:12:25]} Kf5 {[%clk 0:01:02]} 58. Bc6
{[%clk 0:11:46]} Ke6 {[%clk 0:01:14]} 59. Be4 {[%clk 0:11:23]} Kd6
{[%clk 0:01:14]} 60. Kc4 {[%clk 0:11:23]} Bf2 {[%clk 0:01:06]} 61. Bf3
{[%clk 0:10:27]} Be1 {[%clk 0:01:11]} 62. a6 {[%clk 0:09:12]} Bf2
{[%clk 0:01:20]} 63. Be4 {[%clk 0:08:36]} Bb6 {[%clk 0:01:42]} 64. Bf3
{[%clk 0:08:07]} Bd4 {[%clk 0:01:03]} 65. b6 {[%clk 0:06:29]} Bxb6
{[%clk 0:01:16]} 66. Be4 {[%clk 0:06:42]} Bf2 {[%clk 0:00:59]} 67. Bg2
{[%clk 0:06:43]} Kc7 {[%clk 0:00:47]} 68. Kb5 {[%clk 0:06:54]} Kd6
{[%clk 0:01:02]} 69. Kc4 {[%clk 0:07:22]} Ke6 {[%clk 0:00:54]} 70. Be4
{[%clk 0:07:30]} Bg1 {[%clk 0:00:54]} 71. Kd3 {[%clk 0:07:35]} Kf6
{[%clk 0:00:55]} 72. Bh1 {[%clk 0:06:55]} Kf5 {[%clk 0:01:18]} 73. Bd5
{[%clk 0:06:38]} Bf2 {[%clk 0:01:06]} 74. Bh1 {[%clk 0:06:46]} Bh4
{[%clk 0:01:22]} 75. Bd5 {[%clk 0:06:39]} Bd8 {[%clk 0:01:31]} 76. Bh1
{[%clk 0:06:55]} Ke6 {[%clk 0:01:07]} 77. Be4 {[%clk 0:06:56]} Kd6
{[%clk 0:01:35]} 78. Kc4 {[%clk 0:07:19]} Kc7 {[%clk 0:02:02]} 79. Kb5
{[%clk 0:07:42]} 1/2-1/2

[Event "World Chess Olympiad 2018"]
[Site "Batumi"]
[Date "2018.09.30"]
[Round "6"]
[Board "4"]
[WhiteFideId "1304232"]
[White "Jenni Florian"]
[BlackFideId "2226332"]
[Black "Ibarra Jerez Jose Carlos"]
[Result "1/2-1/2"]
[LiveChessVersion "1.4.8"]
[BlackElo "2564"]
[WhiteElo "2456"]

1. e4 {[%clk 1:30:54]} e5 {[%clk 1:30:45]} 2. Nf3 {[%clk 1:31:08]} Nc6
{[%clk 1:30:47]} 3. Bb5 {[%clk 1:31:18]} Nf6 {[%clk 1:30:44]} 4. Nc3
{[%clk 1:29:07]} Nd4 {[%clk 1:30:14]} 5. O-O {[%clk 1:27:30]} c6 {[%clk 1:24:01]}
6. Be2 {[%clk 1:16:52]} d6 {[%clk 1:14:14]} 7. d3 {[%clk 1:15:35]} Nxf3+
{[%clk 1:07:54]} 8. Bxf3 {[%clk 1:15:42]} Be7 {[%clk 1:08:09]} 9. d4
{[%clk 1:08:18]} Qb6 {[%clk 1:00:48]} 10. Ne2 {[%clk 1:05:03]} O-O
{[%clk 0:56:39]} 11. b3 {[%clk 0:55:10]} Re8 {[%clk 0:51:52]} 12. Bb2
{[%clk 0:42:50]} Bf8 {[%clk 0:49:37]} 13. c4 {[%clk 0:37:17]} Qc7
{[%clk 0:37:55]} 14. Re1 {[%clk 0:35:02]} Bd7 {[%clk 0:29:18]} 15. h3
{[%clk 0:30:22]} h5 {[%clk 0:26:33]} 16. Qd2 {[%clk 0:23:42]} g6 {[%clk 0:25:05]}
17. c5 {[%clk 0:18:29]} Rad8 {[%clk 0:21:58]} 18. cxd6 {[%clk 0:16:17]} Bxd6
{[%clk 0:20:37]} 19. Qg5 {[%clk 0:13:37]} Nh7 {[%clk 0:19:49]} 20. Qe3
{[%clk 0:13:58]} exd4 {[%clk 0:16:37]} 21. Bxd4 {[%clk 0:14:14]} c5
{[%clk 0:16:31]} 22. Bb2 {[%clk 0:12:53]} Bh2+ {[%clk 0:15:40]} 23. Kh1
{[%clk 0:12:54]} Be5 {[%clk 0:15:56]} 24. Nc3 {[%clk 0:09:42]} b6
{[%clk 0:13:28]} 25. Rad1 {[%clk 0:07:14]} Nf6 {[%clk 0:11:55]} 26. Qc1
{[%clk 0:03:59]} Bc6 {[%clk 0:10:51]} 27. Rxd8 {[%clk 0:02:52]} Rxd8
{[%clk 0:10:04]} 28. Nd5 {[%clk 0:02:18]} Qd6 {[%clk 0:08:41]} 29. Bxe5
{[%clk 0:01:55]} Qxe5 {[%clk 0:09:06]} 30. Nxf6+ {[%clk 0:02:13]} Qxf6
{[%clk 0:09:30]} 31. e5 {[%clk 0:02:35]} Qe6 {[%clk 0:09:46]} 32. Bxc6
{[%clk 0:02:41]} Qxc6 {[%clk 0:10:12]} 33. e6 {[%clk 0:02:52]} Re8
{[%clk 0:09:42]} 34. e7 {[%clk 0:01:57]} Qd6 {[%clk 0:07:18]} 35. Qe3
{[%clk 0:01:00]} Kg7 {[%clk 0:06:50]} 36. Kg1 {[%clk 0:00:50]} f5
{[%clk 0:03:15]} 37. h4 {[%clk 0:00:43]} Qf6 {[%clk 0:01:03]} 38. g3
{[%clk 0:00:56]} Kf7 {[%clk 0:00:41]} 39. Qh6 {[%clk 0:01:21]} Qg7
{[%clk 0:00:43]} 40. Qd2 {[%clk 0:30:55]} Qd4 {[%clk 0:30:36]} 41. Qh6
{[%clk 0:26:43]} Qd6 {[%clk 0:14:56]} 42. a4 {[%clk 0:18:30]} Rxe7
{[%clk 0:13:37]} 43. Qh7+ {[%clk 0:17:24]} Kf6 {[%clk 0:13:50]} 44. Qh8+
{[%clk 0:17:26]} Kf7 {[%clk 0:14:13]} 45. Qh7+ {[%clk 0:17:43]} Kf6
{[%clk 0:14:37]} 46. Qh8+ {[%clk 0:18:07]} Kf7 {[%clk 0:14:50]} 47. Qh7+
{[%clk 0:18:28]} 1/2-1/2

[Event "World Chess Olympiad 2018"]
[Site "Batumi"]
[Date "2018.09.30"]
[Round "6"]
[Board "1"]
[WhiteFideId "13602934"]
[White "Paichadze Luka"]
[BlackFideId "12401137"]
[Black "Le Quang Liem"]
[Result "1/2-1/2"]
[LiveChessVersion "1.4.8"]
[BlackElo "2715"]
[WhiteElo "2564"]

1. e4 {[%clk 1:30:56]} c5 {[%clk 1:30:51]} 2. Nf3 {[%clk 1:30:36]} Nc6
{[%clk 1:31:11]} 3. Bb5 {[%clk 1:30:32]} g6 {[%clk 1:31:22]} 4. O-O
{[%clk 1:30:27]} Bg7 {[%clk 1:31:44]} 5. Re1 {[%clk 1:29:32]} Nf6
{[%clk 1:30:35]} 6. c3 {[%clk 1:27:23]} O-O {[%clk 1:30:02]} 7. d4
{[%clk 1:24:57]} cxd4 {[%clk 1:29:43]} 8. cxd4 {[%clk 1:25:13]} d5
{[%clk 1:29:56]} 9. e5 {[%clk 1:25:35]} Ne4 {[%clk 1:30:01]} 10. Bxc6
{[%clk 1:17:14]} bxc6 {[%clk 1:29:36]} 11. Nbd2 {[%clk 1:17:26]} c5
{[%clk 1:27:39]} 12. Nxe4 {[%clk 1:15:07]} dxe4 {[%clk 1:28:01]} 13. Rxe4
{[%clk 1:15:25]} Bb7 {[%clk 1:28:08]} 14. Re1 {[%clk 1:12:57]} Bxf3
{[%clk 1:25:26]} 15. Qxf3 {[%clk 1:13:06]} cxd4 {[%clk 1:25:50]} 16. Bd2
{[%clk 1:07:22]} Qb8 {[%clk 1:19:54]} 17. Qb3 {[%clk 0:56:45]} Rc8
{[%clk 1:20:08]} 18. f4 {[%clk 0:42:38]} Qxb3 {[%clk 1:15:01]} 19. axb3
{[%clk 0:42:13]} Rc2 {[%clk 1:14:23]} 20. Bb4 {[%clk 0:42:39]} Bf8
{[%clk 1:13:31]} 21. Ba3 {[%clk 0:39:38]} d3 {[%clk 0:56:43]} 22. Rad1
{[%clk 0:37:29]} d2 {[%clk 0:52:50]} 23. Re2 {[%clk 0:37:52]} Rd8
{[%clk 0:53:12]} 24. Kf2 {[%clk 0:38:13]} e6 {[%clk 0:51:09]} 25. Re4
{[%clk 0:26:52]} Rd3 {[%clk 0:42:41]} 26. Ra4 {[%clk 0:19:51]} Rc7
{[%clk 0:29:35]} 27. Rc4 {[%clk 0:13:11]} Rxc4 {[%clk 0:29:37]} 28. bxc4
{[%clk 0:13:39]} Bxa3 {[%clk 0:29:55]} 29. bxa3 {[%clk 0:14:05]} Kg7
{[%clk 0:26:30]} 30. g3 {[%clk 0:11:24]} h6 {[%clk 0:26:19]} 31. Ke2
{[%clk 0:05:16]} Rc3 {[%clk 0:26:39]} 32. Rxd2 {[%clk 0:05:14]} Rxc4
{[%clk 0:27:01]} 33. h4 {[%clk 0:04:48]} g5 {[%clk 0:27:08]} 34. hxg5
{[%clk 0:04:58]} hxg5 {[%clk 0:27:36]} 35. Kf3 {[%clk 0:03:07]} Rc3+
{[%clk 0:27:19]} 36. Kg4 {[%clk 0:03:32]} gxf4 {[%clk 0:25:57]} 37. gxf4
{[%clk 0:03:58]} Rxa3 {[%clk 0:26:20]} 38. f5 {[%clk 0:03:39]} Ra4+
{[%clk 0:26:24]} 39. Kg5 {[%clk 0:02:16]} exf5 {[%clk 0:17:53]} 40. Kxf5
{[%clk 0:32:42]} Ra1 {[%clk 0:47:54]} 41. Rd7 {[%clk 0:30:04]} Kf8
{[%clk 0:43:38]} 42. Kf6 {[%clk 0:27:51]} Rf1+ {[%clk 0:43:53]} 43. Kg5
{[%clk 0:28:18]} a6 {[%clk 0:43:56]} 44. Ra7 {[%clk 0:27:34]} Rg1+
{[%clk 0:44:10]} 45. Kf5 {[%clk 0:28:01]} Rg6 {[%clk 0:44:20]} 46. Ra8+
{[%clk 0:28:28]} Kg7 {[%clk 0:44:39]} 47. Ra7 {[%clk 0:28:54]} Rb6
{[%clk 0:44:53]} 48. Ra8 {[%clk 0:29:06]} Rc6 {[%clk 0:44:09]} 49. Ra7
{[%clk 0:29:20]} Rb6 {[%clk 0:37:37]} 1/2-1/2

[Event "World Chess Olympiad 2018"]
[Site "Batumi"]
[Date "2018.09.30"]
[Round "6"]
[Board "2"]
[WhiteFideId "12401110"]
[White "Nguyen Ngoc Truong Son"]
[BlackFideId "13602276"]
[Black "Maghalashvili Davit"]
[Result "1-0"]
[LiveChessVersion "1.4.8"]
[BlackElo "2508"]
[WhiteElo "2620"]

1. d4 {[%clk 1:30:53]} d5 {[%clk 1:30:51]} 2. Nf3 {[%clk 1:30:00]} Nf6
{[%clk 1:31:08]} 3. Bf4 {[%clk 1:30:04]} e6 {[%clk 1:31:04]} 4. e3
{[%clk 1:30:23]} c5 {[%clk 1:30:52]} 5. c3 {[%clk 1:30:25]} Nc6 {[%clk 1:31:00]}
6. Nbd2 {[%clk 1:30:42]} Bd6 {[%clk 1:31:05]} 7. Bg3 {[%clk 1:30:34]} O-O
{[%clk 1:31:23]} 8. Bd3 {[%clk 1:30:51]} Qe7 {[%clk 1:30:38]} 9. Ne5
{[%clk 1:29:29]} Nd7 {[%clk 1:29:55]} 10. Nxd7 {[%clk 1:29:18]} Qxd7
{[%clk 1:30:06]} 11. dxc5 {[%clk 1:28:07]} Bxc5 {[%clk 1:30:13]} 12. O-O
{[%clk 1:28:00]} Bd6 {[%clk 1:26:02]} 13. Qc2 {[%clk 1:27:53]} h6
{[%clk 1:24:44]} 14. Nf3 {[%clk 1:24:10]} b6 {[%clk 1:19:35]} 15. e4
{[%clk 1:14:01]} Bxg3 {[%clk 1:15:06]} 16. hxg3 {[%clk 1:13:53]} dxe4
{[%clk 1:15:28]} 17. Bxe4 {[%clk 1:14:16]} Bb7 {[%clk 1:15:53]} 18. Rad1
{[%clk 1:09:16]} Qc7 {[%clk 0:58:22]} 19. Qa4 {[%clk 0:48:06]} Rfd8
{[%clk 0:48:19]} 20. Rfe1 {[%clk 0:45:14]} a6 {[%clk 0:45:45]} 21. Qc4
{[%clk 0:37:34]} Rac8 {[%clk 0:42:02]} 22. Rxd8+ {[%clk 0:37:34]} Qxd8
{[%clk 0:41:03]} 23. Qe2 {[%clk 0:36:04]} Qc7 {[%clk 0:35:19]} 24. Rd1
{[%clk 0:35:36]} b5 {[%clk 0:32:20]} 25. Qe3 {[%clk 0:31:58]} Ne7
{[%clk 0:29:38]} 26. Bb1 {[%clk 0:26:48]} Rd8 {[%clk 0:26:09]} 27. Rxd8+
{[%clk 0:26:35]} Qxd8 {[%clk 0:26:32]} 28. Bc2 {[%clk 0:26:08]} Qd5
{[%clk 0:16:53]} 29. Qf4 {[%clk 0:23:10]} Qd8 {[%clk 0:07:56]} 30. a4
{[%clk 0:22:06]} bxa4 {[%clk 0:07:18]} 31. Qxa4 {[%clk 0:21:58]} g6
{[%clk 0:04:20]} 32. Ne5 {[%clk 0:21:20]} Kg7 {[%clk 0:03:34]} 33. Nd7
{[%clk 0:15:06]} Nd5 {[%clk 0:00:38]} 34. Qd4+ {[%clk 0:09:12]} Nf6
{[%clk 0:01:03]} 35. Nc5 {[%clk 0:09:33]} Qxd4 {[%clk 0:01:10]} 36. cxd4
{[%clk 0:10:01]} Bc8 {[%clk 0:01:00]} 37. Bd3 {[%clk 0:10:20]} Nd5
{[%clk 0:00:40]} 38. Bxa6 {[%clk 0:09:41]} Bxa6 {[%clk 0:01:06]} 39. Nxa6
{[%clk 0:10:07]} Kf6 {[%clk 0:01:22]} 40. Kf1 {[%clk 0:37:20]} e5
{[%clk 0:31:05]} 41. Ke2 {[%clk 0:21:43]} exd4 {[%clk 0:29:32]} 42. Kd3
{[%clk 0:20:09]} Ke5 {[%clk 0:29:53]} 43. Nb8 {[%clk 0:16:53]} Nb6
{[%clk 0:20:53]} 44. Nc6+ {[%clk 0:16:31]} Kd5 {[%clk 0:21:13]} 45. Nxd4
{[%clk 0:13:12]} Nc4 {[%clk 0:21:38]} 46. b3 {[%clk 0:11:45]} Ne5+
{[%clk 0:21:55]} 47. Kc3 {[%clk 0:11:57]} Ng4 {[%clk 0:22:04]} 48. f3
{[%clk 0:12:13]} Ne3 {[%clk 0:22:06]} 49. Kd3 {[%clk 0:11:45]} Nxg2
{[%clk 0:22:14]} 50. Nc2 {[%clk 0:12:07]} h5 {[%clk 0:15:34]} 51. Ke2
{[%clk 0:12:27]} h4 {[%clk 0:15:31]} 52. Kf2 {[%clk 0:12:44]} h3 {[%clk 0:15:38]}
53. Kg1 {[%clk 0:12:40]} f5 {[%clk 0:15:46]} 54. Kh2 {[%clk 0:12:37]} f4
{[%clk 0:15:33]} 55. Kxh3 {[%clk 0:12:58]} 1-0

[Event "World Chess Olympiad 2018"]
[Site "Batumi"]
[Date "2018.09.30"]
[Round "6"]
[Board "3"]
[WhiteFideId "13602608"]
[White "Sanikidze Tornike"]
[BlackFideId "12401820"]
[Black "Tran Tuan Minh"]
[Result "1-0"]
[LiveChessVersion "1.4.8"]
[BlackElo "2491"]
[WhiteElo "2497"]

1. d4 {[%clk 1:30:46]} Nf6 {[%clk 1:30:34]} 2. c4 {[%clk 1:31:02]} e6
{[%clk 1:30:55]} 3. Nf3 {[%clk 1:31:19]} b6 {[%clk 1:31:16]} 4. a3
{[%clk 1:31:37]} Bb7 {[%clk 1:31:33]} 5. Nc3 {[%clk 1:31:55]} d5 {[%clk 1:31:54]}
6. cxd5 {[%clk 1:31:49]} Nxd5 {[%clk 1:32:16]} 7. e3 {[%clk 1:30:19]} Nxc3
{[%clk 1:32:34]} 8. bxc3 {[%clk 1:30:42]} Be7 {[%clk 1:32:53]} 9. Bb5+
{[%clk 1:30:18]} c6 {[%clk 1:33:13]} 10. Bd3 {[%clk 1:30:42]} O-O
{[%clk 1:33:16]} 11. O-O {[%clk 1:27:22]} c5 {[%clk 1:33:36]} 12. e4
{[%clk 1:27:47]} Qc7 {[%clk 1:31:29]} 13. Qe2 {[%clk 1:18:02]} Nc6
{[%clk 1:07:27]} 14. Bb2 {[%clk 1:11:56]} Rfd8 {[%clk 1:04:35]} 15. Rad1
{[%clk 1:08:28]} Bf6 {[%clk 1:00:54]} 16. e5 {[%clk 0:57:40]} Be7
{[%clk 1:00:47]} 17. Qe4 {[%clk 0:53:57]} g6 {[%clk 1:01:05]} 18. Qf4
{[%clk 0:47:06]} Na5 {[%clk 0:39:43]} 19. Ng5 {[%clk 0:41:54]} Bxg5
{[%clk 0:39:33]} 20. Qxg5 {[%clk 0:42:16]} cxd4 {[%clk 0:39:49]} 21. cxd4
{[%clk 0:41:53]} Nb3 {[%clk 0:40:06]} 22. h4 {[%clk 0:30:08]} h5 {[%clk 0:31:51]}
23. f4 {[%clk 0:26:22]} Qc6 {[%clk 0:25:40]} 24. Rf2 {[%clk 0:19:06]} Qe8
{[%clk 0:09:45]} 25. f5 {[%clk 0:17:22]} exf5 {[%clk 0:10:07]} 26. Bxf5
{[%clk 0:16:10]} Bd5 {[%clk 0:09:58]} 27. e6 {[%clk 0:12:40]} Rd6
{[%clk 0:08:00]} 28. Re1 {[%clk 0:12:58]} Rad8 {[%clk 0:02:51]} 29. exf7+
{[%clk 0:06:26]} Qxf7 {[%clk 0:03:14]} 30. Re7 {[%clk 0:06:54]} 1-0